000 00659nam a2200217 i 4500
001 129021
003 ES-MaACL
005 20251114150618.0
007 t|
008 070604s1970 sp ||||1| spa d
080 _a612.6.06
100 1 _aTaylor, William C.
_9109476
245 1 0 _aAmor, sexo y matrimonio /
_cWilliam C. Taylor ; [versión, Miguel Giménez Sales].
250 _a[1ª ed.].
260 _aBarcelona :
_bPicazo,
_c[1970]
300 _a2 v. :
_bil. ;
_c22 cm.
650 1 7 _aSexología
_2embne
_917076
700 1 _aGiménez Sales, Miguel,
_d1922-
_957067
852 _aES-MaACL
_jC-45056-57
_bR.75193
999 _c129021
_d129021